00330nam a2200121Ia 4500008004100000082001500041100001600056245005900072250000800131260004500139300000800184650001600192191201s2005 xx 000 0 und d a621.3bSAF aSahdev, S K 0aFundamentals of Electrical Engineering and Electronics a2nd aN.DelhibDhanpat Rai Pubns (P) Ltdc2005 a653 aB.Tech(ECE)